Detalles MARC
| 000 -LIDER |
| fixed length control field |
00924nam a22003257c 4500 |
| 001 - NÚMERO DE CONTROL |
| Identificador de número de control |
5764226 |
| 003 - IDENTIFICACDOR DE NÚMERO DE CONTROL |
| control field |
DO-SdBNP |
| 005 - DATE AND TIME OF LATEST TRANSACTION |
| control field |
20180221135601.0 |
| 007 - CAMPOS FIJOS DE DESCRIPCIÓN FÍSICA |
| fixed length control field |
5764226 |
| 008 - ELEMENTOS DE LONGITUD FIJA |
| fixed length control field |
160302s1992 sp a 000 spa |
| 017 ## - NÚMERO DE REGISTRO DE DERECHOS DE AUTOR |
| Copyright or legal deposit number |
|
| Assigning agency |
|
| 020 ## - ISBN |
| International Standard Book Number |
8434817764 |
| 040 ## - FUENTE DE CATALOGACIÓN |
| Agencia que crea de manera original el registro |
BPMSU |
| Idioma de catalogación |
spa |
| Agencia que realiza la transcripción |
BPMSU |
| Convenciones de la despripción |
|
| 080 ## - NÚMERO DE CLASIFICACIÓN DECIMAL UNIVERSAL |
| Universal Decimal Classification number |
|
| 100 1# - ASIENTO PRINCIPAL -- NOMBRE PERSONAL |
| Nombre personal |
Vázquez Vigo, Carmen |
| Término de relación |
|
| 245 10 - MENCIÓN DE TITULO |
| Título |
Por arte de magia / |
| Mención de responsabilidad |
Camén Vázquez Vigo ; ilustraciones Alfonso Ruano |
| Nombre de la parte o sección de una obra |
|
| 250 ## - MENCIÓN DE EDICION |
| Mención de edición |
10a ed. |
| 260 ## - PUBLICACIÓN, DISTRIBUCIÓN, ETC. (PIE DE IMPRENTA) |
| Lugar de publicación, distribución, etc |
Madrid : |
| Nombre del editor, distribuidor, etc. |
SM, |
| Fecha de publicación, distribución, etc |
1992 |
| 300 ## - DESCRIPCIÓN FÍSICA |
| Extensión |
88 p.: |
| Otros detalles físicos |
il., |
| Dimensiones |
21 cm |
| 336 ## - CONTENT TYPE |
| Content type term |
Texto (visual) |
| Source |
isbdcontent |
| 337 ## - MEDIA TYPE |
| Media type term |
sin mediación |
| Source |
isbdmedia |
| 490 0# - MENCIÓN DE SERIES |
| Mención de serie |
El barco de vapor |
| -- |
Serie azul |
| Volume/sequential designation |
12 |
| 500 ## - NOTA GENERAL |
| Nota general |
|
| 521 ## - TARGET AUDIENCE NOTE |
| Target audience note |
A partir de 7 años. |
| 700 1# - ASIENTO SECUNDARIO -- NOMBRE PERSONAL |
| Nombre personal |
Ruano, Alfonso |
| Mención de responsabilidad |
il. |
| 830 #0 - ASIENTO SECUNDARIO DE SERIE--TÍTULO UNIFORME |
| Título uniforme |
El barco de vapor |
| Volume number/sequential designation |
20 |
| Nombre de la parte o sección de una obra |
Serie azul |
| 942 ## - ADDED ENTRY ELEMENTS (KOHA) |
| Source of classification or shelving scheme |
Dewey Decimal Classification |
| Koha item type |
Libros |
| 945 ## - INFORMACIÓN DE PROCESAMIENTO LOCAL |
| Información de procesamiento local |
Inventariado, 2018/ YL |
| 956 ## - LOCAL ELECTRONIC LOCATION AND ACCESS (OCLC) |
| Nombre de host |
VMATEO |
| Método de acceso |
10 |
| Materiales especificados |
20160405 |
| Enlace |
BPMSU |
| Campo enlazado y núm. de secuencia |
0069 |